Datum a čas kvízu
32
Celkem bodů
Celkový počet nahraných bodů na tomto kvízu bez doplňovacích otázek.
1.
Pořadí na kvízu
Konečné umístění týmu na tomto kvízu.
Zaznamenané odpovědi
| # | Otázka | Odpověď | Body | Výsledky |
|---|---|---|---|---|
| 1. | Ministr dopravy Vladimír Kreml... | Francie | 1 | |
| 2. | Kuriózní nehoda se stala na le... | Do letounu narazila nezabržděná dodávka. | 1 | |
| 3. | Který známý umělec si vzal v n... | Rytmus / Patrik Vrbovský | 1 | |
| 4. | Čínská společnost Xiaomi přišl... | v automatu | 0 | |
| 5. | Kolik gólů padlo celkem v pond... | 11 gólů | 1 | |
| 6. | Volby do Evropského parlamentu... | čtvrté | 1 | |
| 7. | Jak se jmenuje německý politik... | Martin Schulz | 1 | |
| 8. | Přiřaďte lídry kandidátek k je... | 1B 2D 3A 4C | 1 | |
| 9. | V některých evropských státech... | D | 0 | |
| 10. | Jedenatřicetiletý kandidát nov... | Tinder | 0 |